Vista normal
Vista MARC
Entrada Materia (personas)
Número de registros utilizados en: 1
001 - CONTROL NUMBER
- control field: 103796
003 - CONTROL NUMBER IDENTIFIER
- control field: Co-BoUCM
005 - DATE AND TIME OF LATEST TRANSACTION
- control field: 20210604121642.0
008 - FIXED-LENGTH DATA ELEMENTS
- fixed length control field: 210604|| aca||aabn | a|a d
040 ## - CATALOGING SOURCE
- Original cataloging agency: Co-BoUCM
- Transcribing agency: Co-BoUCM
100 ## - HEADING--PERSONAL NAME
- Personal name: Flammarion, Camille
- Dates associated with a name: 1842-1925
670 ## - SOURCE DATA FOUND
- Source citation: Work cat.: (Co-BoUCM): Flammarion, Camille 1842-1925, Las casas de duendes ; , 1923?